[Event "VII Festival A"]
[Site "Forio ITA"]
[Date "2015.08.02"]
[Round "7"]
[White "Andreoli, Mark"]
[Black "Delizia, Costantino"]
[WhiteElo "1971"]
[BlackElo "2111"]
[Result "1/2-1/2"]
[PlyCount "50"]
[EventDate "2015.07.26"]

1. e4 e6 2. d4 d5 3. e5 c5 4. Qg4 Qc7 5. Nf3 f5 6. Qg3 a6 7. dxc5 Bxc5 8. Bd3
Qf7 9. Ng5 Qc7 10. O-O Nh6 11. Nc3 Nf7 12. Nf3 Nc6 13. Bf4 Ne7 14. Qxg7 Rg8 15.
Qxh7 Rh8 16. Qg7 Rg8 17. Nxd5 exd5 18. Qxf7+ Kxf7 19. e6+ Bxe6 20. Bxc7 Rac8
21. Be5 Nc6 22. a3 Nxe5 23. Nxe5+ Kf6 24. Rfe1 Bd4 25. Nf3 Bxb2 1/2-1/2

[Event "VII Festival A"]
[Site "Forio ITA"]
[Date "2015.08.02"]
[Round "7"]
[White "Auletta, Angelo"]
[Black "Lamagna, Mario"]
[WhiteElo "2129"]
[BlackElo "1974"]
[Result "1-0"]
[PlyCount "57"]
[EventDate "2015.07.26"]

1. e4 e5 2. Nf3 Nc6 3. d4 exd4 4. Nxd4 Bc5 5. Nb3 Bb6 6. Nc3 Nf6 7. Bg5 h6 8.
Bh4 d6 9. Qe2 Be6 10. Nd5 g5 11. Bg3 Nd4 12. Nxd4 Bxd4 13. O-O-O Bb6 14. Nxb6
axb6 15. e5 Nd5 16. exd6 Nf4 17. Bxf4 gxf4 18. d7+ Ke7 19. a3 Rg8 20. Qe4 Rg6
21. Bc4 Ra4 22. Rhe1 b5 23. b3 Rxa3 24. Bxe6 Ra1+ 25. Kb2 Rxd1 26. Bxf7+ Kxf7
27. Qe8+ Kg7 28. Qxd8 Rxe1 29. Qxc7 1-0

[Event "VII Festival A"]
[Site "Forio ITA"]
[Date "2015.08.02"]
[Round "7"]
[White "Calabrese, Claudio"]
[Black "Volpinari, Danilo"]
[WhiteElo "2009"]
[BlackElo "2001"]
[Result "1-0"]
[PlyCount "75"]
[EventDate "2015.07.26"]

1. d4 Nf6 2. c4 e6 3. Nf3 d5 4. Nc3 c6 5. cxd5 exd5 6. Bg5 Be7 7. e3 Bf5 8. Bd3
Bxd3 9. Qxd3 Nbd7 10. O-O O-O 11. Qf5 g6 12. Qc2 Re8 13. Rab1 Ne4 14. Bxe7 Qxe7
15. Nxe4 dxe4 16. Nd2 Nf6 17. Rfc1 Nd5 18. a3 h5 19. Qc5 Qe6 20. b4 a6 21. Nc4
Rad8 22. a4 h4 23. h3 g5 24. Ne5 f6 25. Ng4 f5 26. Ne5 g4 27. b5 cxb5 28. axb5
a5 29. Qa7 g3 30. Qxb7 gxf2+ 31. Kxf2 Re7 32. Qc6 Rd6 33. Qc8+ Kg7 34. Qxe6
Rexe6 35. Rc5 Nb4 36. Ke2 Nd3 37. Nxd3 exd3+ 38. Kxd3 1-0

[Event "VII Festival A"]
[Site "Forio ITA"]
[Date "2015.08.02"]
[Round "7"]
[White "Hamperl, Fred"]
[Black "Tortora, Antonio"]
[WhiteElo "2080"]
[BlackElo "1798"]
[Result "1-0"]
[PlyCount "123"]
[EventDate "2015.07.26"]

1. e4 d6 2. d4 Nf6 3. Nc3 e5 4. Nf3 Nbd7 5. Be2 Be7 6. h3 O-O 7. Be3 c6 8. a4
exd4 9. Nxd4 Nc5 10. Bf3 a5 11. O-O Re8 12. Re1 Bf8 13. Bg5 Be7 14. Bf4 Ne6 15.
Be3 Nxd4 16. Qxd4 Be6 17. Rad1 Nd7 18. Be2 Nc5 19. f4 Bf6 20. e5 Bh4 21. Rf1 d5
22. f5 Bxf5 23. Rxf5 Ne6 24. Qg4 g6 25. Rff1 h5 26. Qf3 Qe7 27. g3 Bg5 28. Bf4
h4 29. Qg4 hxg3 30. Bxg3 Ng7 31. Bd3 Be3+ 32. Kh2 Qg5 33. Qxg5 Bxg5 34. Rde1
Nh5 35. Ne2 Bd2 36. Rd1 Bh6 37. Nf4 Nxg3 38. Kxg3 Rxe5 39. Rde1 Rae8 40. Rxe5
Rxe5 41. Kg4 Rg5+ 42. Kf3 Re5 43. h4 d4 44. Ng2 Kg7 45. Re1 Kf6 46. Kg4 c5 47.
Bc4 Rxe1 48. Nxe1 Ke7 49. Nd3 f5+ 50. Kf3 b6 51. Ne5 g5 52. hxg5 Bxg5 53. b3
Bd2 54. Ng6+ Kf6 55. Nf4 Bxf4 56. Kxf4 Kg6 57. Bd3 Kf6 58. Bxf5 Ke7 59. Ke5 b5
60. Kd5 c4 61. axb5 d3 62. bxc4 1-0

[Event "I Torneo Sociale"]
[Site "Fossano ITA"]
[Date "2015.09.07"]
[Round "1"]
[White "Babilonia, Mauricio Rafael"]
[Black "Aloi, Andrea"]
[WhiteElo "2025"]
[BlackElo "1621"]
[Result "1-0"]
[PlyCount "83"]
[EventDate "2015.09.07"]

1. d4 f5 2. c4 Nf6 3. Nc3 g6 4. h4 d6 5. Nf3 Nbd7 6. Bf4 Bg7 7. e3 O-O 8. Be2
Re8 9. d5 Nf8 10. Nd4 e5 11. dxe6 Nxe6 12. Nxe6 Bxe6 13. h5 Qe7 14. hxg6 hxg6
15. Qc2 Rad8 16. O-O Kf7 17. Bg5 Rh8 18. Bf3 Rh7 19. Nd5 Rdh8 20. g3 Bxd5 21.
Bxd5+ Kf8 22. Bxb7 Bh6 23. Bxf6 Qxf6 24. c5 dxc5 25. Rfd1 Qe7 26. Bc6 Bxe3 27.
Re1 f4 28. fxe3 Qg5 29. Qf2 Rh2 30. Qxf4+ Qxf4 31. exf4 Rxb2 32. Re8+ Kg7 33.
Rxh8 Kxh8 34. Bd5 Rc2 35. Bb3 Rc3 36. Kf2 Kg7 37. Rd1 c4 38. Rd7+ Kf6 39. Rxc7
a5 40. Rxc4 Rxc4 41. Bxc4 Kf5 42. Kf3 1-0

[Event "I Torneo Sociale"]
[Site "Fossano ITA"]
[Date "2015.09.07"]
[Round "1"]
[White "Cardino, Guido"]
[Black "Mondino, Ivano"]
[WhiteElo "1612"]
[BlackElo "1860"]
[Result "1/2-1/2"]
[PlyCount "81"]
[EventDate "2015.09.07"]

1. d4 Nf6 2. c4 e6 3. g3 c5 4. Nf3 d5 5. Bg2 Be7 6. O-O O-O 7. Qc2 Nc6 8. dxc5
Ne4 9. cxd5 exd5 10. Nc3 Nxc5 11. Bf4 d4 12. Rad1 d3 13. exd3 Bf5 14. Ne4 Nb4
15. Qb1 Ncxd3 16. Ne1 Nxf4 17. Rxd8 Ne2+ 18. Kh1 Rfxd8 19. Nf6+ Bxf6 20. Qxf5
Nd4 21. Qc5 Ndc6 22. Bxc6 Nxc6 23. b3 Rd1 24. Qc4 Ne5 25. Qe2 Rad8 26. Kg2 R1d2
27. Qe4 b6 28. Nf3 Nxf3 29. Qxf3 Rxa2 30. Rd1 Rxd1 31. Qxd1 Rb2 32. Qd7 g6 33.
Qe8+ Kg7 34. Qe3 b5 35. Kh3 a5 36. Qb6 Rxb3 37. Qxa5 Rb2 38. Qb6 b4 39. f4 b3
40. Qe3 Rb1 41. Qd3 1/2-1/2

[Event "I Torneo Sociale"]
[Site "Fossano ITA"]
[Date "2015.09.07"]
[Round "1"]
[White "Pantano, Andrea"]
[Black "Medaglia, Enzo"]
[WhiteElo "1431"]
[BlackElo "1721"]
[Result "0-1"]
[PlyCount "56"]
[EventDate "2015.09.07"]

1. b3 c5 2. Bb2 d5 3. e3 Nc6 4. Nf3 Bg4 5. Be2 Qc7 6. d4 cxd4 7. Nxd4 Bxe2 8.
Nxe2 e6 9. O-O Nf6 10. Nd2 Rc8 11. c4 Bd6 12. g3 Be5 13. Bxe5 Qxe5 14. Rb1 O-O
15. Nf4 d4 16. Nf3 Qa5 17. Nxd4 Rfd8 18. Nxc6 Rxc6 19. Qf3 Qf5 20. Qe2 g5 21.
Ng2 Ne4 22. Qe1 Nd2 23. Rd1 Nf3+ 24. Kh1 Qh3 25. Rxd8+ Kg7 26. Qc3+ e5 27.
Qxe5+ Nxe5 28. Ne1 Rh6 0-1

[Event "I Torneo Sociale"]
[Site "Fossano ITA"]
[Date "2015.09.14"]
[Round "2"]
[White "Dotta Rosso, Pierluigi"]
[Black "Ravera, Eros"]
[WhiteElo "1879"]
[BlackElo "1710"]
[Result "0-1"]
[PlyCount "46"]
[EventDate "2015.09.07"]

1. d4 d5 2. c4 e5 3. dxe5 d4 4. Nf3 Nc6 5. g3 Nge7 6. a3 Ng6 7. Bg2 Ngxe5 8.
Nxe5 Nxe5 9. O-O Be7 10. b3 O-O 11. Nd2 c5 12. Nf3 Nc6 13. Bf4 Bd6 14. Bg5 Be7
15. Bf4 Bd6 16. Bd2 Re8 17. e3 Bc7 18. exd4 Nxd4 19. Bc3 Ne2+ 20. Kh1 Qxd1 21.
Raxd1 Nxc3 22. Rd3 Ne4 23. Rfd1 Nxf2+ 0-1

[Event "I Torneo Sociale"]
[Site "Fossano ITA"]
[Date "2015.09.14"]
[Round "2"]
[White "Flego, Dario"]
[Black "Babilonia, Mauricio Rafael"]
[WhiteElo "1710"]
[BlackElo "2025"]
[Result "0-1"]
[PlyCount "60"]
[EventDate "2015.09.07"]

1. Nf3 Nf6 2. g3 Nc6 3. Bg2 d5 4. O-O e5 5. d3 Bd6 6. b3 Be6 7. Bb2 h6 8. c4
Qd7 9. cxd5 Nxd5 10. Re1 O-O 11. a3 f5 12. Nbd2 Nf6 13. Nc4 Bxc4 14. bxc4 Rae8
15. Rb1 e4 16. Nd2 e3 17. fxe3 Ng4 18. Qb3 Kh8 19. Qxb7 Nd8 20. Qxa7 Nxe3 21.
Qa6 Nxg2 22. Kxg2 f4 23. Ne4 Rxe4 24. dxe4 Qg4 25. Rf1 Qxe2+ 26. Kh3 Qh5+ 27.
Kg2 f3+ 28. Kf2 Bc5+ 29. Ke1 Qxh2 30. Kd1 Qe2+ 0-1

[Event "I Torneo Sociale"]
[Site "Fossano ITA"]
[Date "2015.09.14"]
[Round "2"]
[White "Harbuz, Daniela"]
[Black "Medaglia, Enzo"]
[WhiteElo "2084"]
[BlackElo "1702"]
[Result "0-1"]
[PlyCount "118"]
[EventDate "2015.09.07"]

1. Nf3 c5 2. e4 Nc6 3. d3 g6 4. g3 Bg7 5. Bg2 d6 6. c3 Bg4 7. h3 Bd7 8. O-O Rb8
9. Be3 b5 10. Qc1 b4 11. Rd1 Qc8 12. Kh2 a5 13. d4 cxd4 14. Nxd4 Ne5 15. b3 Qa6
16. Bf1 Qb7 17. Qc2 Nf6 18. Bg2 h5 19. f4 Neg4+ 20. hxg4 Nxg4+ 21. Kg1 Nxe3 22.
Qd2 Nxd1 23. Qxd1 Qb6 24. Kh2 bxc3 25. Nc2 h4 26. Qe1 hxg3+ 27. Kxg3 g5 28.
Nba3 gxf4+ 29. Kf3 f5 30. Nc4 fxe4+ 31. Kxf4 Qc7 32. Kg5 Qc5+ 33. Kf4 Bh6+ 34.
Kg3 Rg8+ 35. Kh2 Qh5+ 36. Kg1 Bh3 37. N4e3 Bxg2 38. Nxg2 Qg4 39. Qf1 e3 40. Re1
Rf8 41. Qe2 Qxe2 42. Rxe2 Rf2 43. Rxf2 exf2+ 44. Kxf2 Rb5 45. Nge1 e5 46. Ke2
Rd5 47. Kf3 Ke7 48. b4 axb4 49. Nxb4 Rb5 50. Nec2 d5 51. a4 Rb7 52. Nxd5+ Kd6
53. Ke4 Rb2 54. Ndb4 Kc5 55. Nd3+ Kc4 56. Ne3+ Kb3 57. Nc5+ Ka2 58. Kd3 Bxe3
59. Ne4 Rb4 0-1

[Event "I Torneo Sociale"]
[Site "Fossano ITA"]
[Date "2015.09.14"]
[Round "2"]
[White "Milanesio, Pietro"]
[Black "Fumero, Luca"]
[WhiteElo "1673"]
[BlackElo "1335"]
[Result "1-0"]
[PlyCount "69"]
[EventDate "2015.09.07"]

1. e4 e5 2. Nf3 Nf6 3. Nxe5 Bc5 4. d4 Bb6 5. Bc4 d5 6. exd5 Qd6 7. O-O O-O 8.
Nc3 a6 9. Bf4 Qb4 10. Bb3 Qxd4 11. Qxd4 Bxd4 12. Rad1 Bxe5 13. Bxe5 Ng4 14.
Bxc7 Nd7 15. Rfe1 Ndf6 16. h3 Nh6 17. g4 Nhxg4 18. hxg4 Bxg4 19. Rd4 Rfe8 20.
Ne4 Kh8 21. Re3 Bf5 22. Nxf6 Rxe3 23. fxe3 gxf6 24. d6 Rg8+ 25. Kh2 Bd7 26.
Bxf7 Rg5 27. Bd8 Kg7 28. Bd5 Rh5+ 29. Kg1 Rg5+ 30. Bg2 Bh3 31. Rd2 Bd7 32. Rf2
Bf5 33. Bxf6+ Kxf6 34. e4 Rxg2+ 35. Rxg2 1-0

[Event "I Torneo Sociale"]
[Site "Fossano ITA"]
[Date "2015.09.14"]
[Round "2"]
[White "Mondino, Ivano"]
[Black "Sotgia, Cosimo"]
[WhiteElo "1860"]
[BlackElo "1863"]
[Result "1/2-1/2"]
[PlyCount "106"]
[EventDate "2015.09.07"]

1. e4 d6 2. d4 Nf6 3. Nc3 e5 4. dxe5 dxe5 5. Qxd8+ Kxd8 6. Bc4 Be6 7. Bxe6 fxe6
8. f3 Bd6 9. Be3 a6 10. Nge2 Nbd7 11. a4 Ke7 12. Rb1 Bb4 13. O-O h6 14. Na2 Bc5
15. Bxc5+ Nxc5 16. Nac3 g5 17. b4 Ncd7 18. a5 Ne8 19. b5 Nd6 20. bxa6 Rxa6 21.
Nb5 Rxa5 22. Nxd6 cxd6 23. Rxb7 Rc8 24. c3 Ra2 25. Re1 Kd8 26. Kf1 Rb8 27.
Rxb8+ Nxb8 28. Rc1 Nd7 29. c4 Nc5 30. Nc3 Rf2+ 31. Kxf2 Nd3+ 32. Ke3 Nxc1 33.
c5 dxc5 34. Kd2 Nb3+ 35. Kd3 Ke7 36. Kc4 Nd2+ 37. Kxc5 Nf1 38. h3 Ne3 39. g4
Nf1 40. Nb1 Kd7 41. Kc4 Ne3+ 42. Kc5 Ng2 43. Nd2 Nh4 44. Kb5 Ke7 45. Kc5 Ng6
46. Nc4 Kf7 47. Kd6 Kf6 48. Kd7 Nf4 49. Kd6 Nd3 50. Kd7 Nf4 51. Kd6 Nxh3 52.
Nxe5 Nf4 53. Nd7+ Kf7 1/2-1/2

[Event "I Torneo Sociale"]
[Site "Fossano ITA"]
[Date "2015.09.14"]
[Round "2"]
[White "Panero, Simone"]
[Black "Araniti, Michelangelo"]
[WhiteElo "1758"]
[BlackElo "1778"]
[Result "1/2-1/2"]
[PlyCount "117"]
[EventDate "2015.09.07"]

1. c4 c5 2. Nc3 Nc6 3. g3 Nf6 4. Bg2 e6 5. Nf3 Be7 6. O-O d5 7. cxd5 exd5 8. d4
c4 9. Ne5 Be6 10. Qa4 Bd7 11. Nxd5 Nxe5 12. Qc2 Nxd5 13. Bxd5 Nc6 14. Qxc4 O-O
15. e4 Rc8 16. Rd1 Bg4 17. Re1 Nb4 18. Qb3 Nc2 19. Bf4 Nxa1 20. Rxa1 Bd6 21. e5
Bc7 22. h4 Bb6 23. Bxb7 Qxd4 24. Be3 Qxe5 25. Bxb6 axb6 26. Bxc8 Rxc8 27. Qxb6
Rb8 28. Qc6 Qxb2 29. Re1 Be6 30. a4 Qb7 31. Qc2 h5 32. Kh2 g6 33. Rxe6 fxe6 34.
Qxg6+ Qg7 35. Qxe6+ Qf7 36. Qe3 Qf5 37. a5 Rf8 38. Kg2 Qxa5 39. Qe6+ Kg7 40.
Qd7+ Rf7 41. Qd4+ Kh7 42. Qe4+ Qf5 43. Qe3 Rd7 44. Qe2 Rb7 45. Qe3 Qd5+ 46. Kh2
Kg6 47. Qe8+ Rf7 48. Qg8+ Kf6 49. Qh8+ Ke7 50. Qb2 Rf3 51. Qe2+ Kd6 52. Qa6+
Ke5 53. Qe2+ Kf5 54. Qc2+ Rd3 55. Qc8+ Ke4 56. Qe8+ Kf3 57. Qe1 Qd4 58. Kh3
Qxf2 59. Qe4+ 1/2-1/2

[Event "I Torneo Sociale"]
[Site "Fossano ITA"]
[Date "2015.09.21"]
[Round "3"]
[White "Araniti, Michelangelo"]
[Black "Milanesio, Pietro"]
[WhiteElo "1771"]
[BlackElo "1673"]
[Result "1-0"]
[PlyCount "115"]
[EventDate "2015.09.07"]

1. Nc3 d5 2. e4 d4 3. Nce2 e5 4. d3 Bd6 5. f4 c5 6. Nf3 Nc6 7. g3 Nge7 8. Bg2
Ng6 9. f5 Nge7 10. g4 Bd7 11. Ng3 f6 12. h4 Qc7 13. Nh5 Kf7 14. g5 Rag8 15. Ng3
Ke8 16. h5 Kd8 17. Kf2 Nc8 18. b3 Be7 19. a4 Nd6 20. Bd2 a5 21. g6 h6 22. Nf1
Nb4 23. Bc1 Bc6 24. N1d2 Qd7 25. Nh4 Kc7 26. Ba3 Ra8 27. Nc4 b5 28. axb5 Nxb5
29. Bb2 Ra6 30. Qd2 Rha8 31. Nf3 Nd6 32. Nfxe5 fxe5 33. Nxe5 Qe8 34. Nxc6 Rxc6
35. c3 Bg5 36. Qe2 dxc3 37. Bxc3 Nb5 38. Bxg7 Nd4 39. Bxd4 cxd4 40. Qf3 Rc2+
41. Kg3 Qe5+ 42. Kh3 Ra6 43. Rhf1 Rc3 44. Rfd1 Qf4 45. Qxf4+ Bxf4 46. Kg4 Bg5
47. Bf1 Nc2 48. e5 Ne3+ 49. Kf3 Nxd1 50. Rxd1 Rxb3 51. Ke4 Rb4 52. g7 Ra8 53.
f6 Be3 54. f7 Rbb8 55. Kf5 Rd8 56. Bg2 Rab8 57. Bd5 Kd7 58. g8=Q 1-0

[Event "I Torneo Sociale"]
[Site "Fossano ITA"]
[Date "2015.09.21"]
[Round "3"]
[White "Pantano, Andrea"]
[Black "Mondino, Ivano"]
[WhiteElo "1431"]
[BlackElo "1860"]
[Result "0-1"]
[PlyCount "146"]
[EventDate "2015.09.07"]

1. b3 Nf6 2. Bb2 e6 3. Nf3 d5 4. e3 Bd6 5. d4 O-O 6. Bd3 Nc6 7. a3 Re8 8. Nbd2
e5 9. dxe5 Nxe5 10. Be2 c6 11. O-O Qc7 12. Nxe5 Bxe5 13. Bxe5 Qxe5 14. Nf3 Qe7
15. Qd4 h6 16. c4 dxc4 17. Bxc4 Rd8 18. Qb2 Be6 19. Qe5 Rd7 20. Bxe6 Qxe6 21.
Qxe6 fxe6 22. Rfd1 Rad8 23. Rxd7 Rxd7 24. Kf1 Rd3 25. b4 Kf8 26. Ke2 Rb3 27.
Nd4 Rb2+ 28. Ke1 Ke7 29. Ne2 e5 30. h3 Ke6 31. g4 Nd5 32. Kf1 Rb3 33. Nc1 Rc3
34. Ne2 Rc2 35. Ke1 Nc3 36. Nxc3 Rxc3 37. Kd2 Rc4 38. Rc1 Rxc1 39. Kxc1 e4 40.
Kc2 Kd5 41. Kc3 b6 42. a4 a6 43. h4 a5 44. bxa5 bxa5 45. h5 c5 46. Kb3 c4+ 47.
Ka2 Kc5 48. Ka3 c3 49. Kb3 c2 50. Kxc2 Kb4 51. Kb2 Kxa4 52. Kc3 Kb5 53. Kb3 a4+
54. Kc3 a3 55. Kb3 a2 56. Kxa2 Kc4 57. Kb2 Kd3 58. Kb3 Ke2 59. Kc3 Kxf2 60. Kd2
Kf3 61. Ke1 Kxe3 62. Kf1 Kd2 63. g5 e3 64. gxh6 gxh6 65. Kg2 e2 66. Kg3 e1=Q+
67. Kg4 Qe4+ 68. Kh3 Ke2 69. Kg3 Qf5 70. Kh4 Qf4+ 71. Kh3 Qg5 72. Kh2 Kf2 73.
Kh3 Qg3# 0-1

[Event "I Torneo Sociale"]
[Site "Fossano ITA"]
[Date "2015.09.21"]
[Round "3"]
[White "Ravera, Eros"]
[Black "Panero, Simone"]
[WhiteElo "1710"]
[BlackElo "1758"]
[Result "0-1"]
[PlyCount "78"]
[EventDate "2015.09.07"]

1. e4 c5 2. Nf3 d6 3. d4 cxd4 4. Nxd4 Nf6 5. Nc3 a6 6. Bd3 Nc6 7. Nb3 e6 8. O-O
b5 9. a3 Bd7 10. Be3 Ne5 11. Qd2 Rb8 12. Nd4 Nc4 13. Bxc4 bxc4 14. b4 cxb3 15.
cxb3 Be7 16. b4 Ng4 17. Rfe1 O-O 18. h3 Nxe3 19. Qxe3 Bf6 20. Red1 Qb6 21. Rac1
Rfc8 22. Nce2 Ba4 23. Rxc8+ Rxc8 24. Rc1 Rxc1+ 25. Qxc1 h6 26. Nf3 Bc6 27. Nd2
Bg5 28. Nc4 Bxc1 29. Nxb6 Bxa3 30. e5 dxe5 31. Nc4 Bxb4 32. Nxe5 Bd5 33. Nd3
Bd2 34. f3 Bc4 35. Nec1 a5 36. Nb2 Be3+ 37. Kh2 Bxc1 38. Nxc4 a4 39. Na5 a3 0-1

[Event "I Torneo Sociale"]
[Site "Fossano ITA"]
[Date "2015.09.21"]
[Round "3"]
[White "Sotgia, Cosimo"]
[Black "Aloi, Andrea"]
[WhiteElo "1863"]
[BlackElo "1621"]
[Result "1/2-1/2"]
[PlyCount "143"]
[EventDate "2015.09.07"]

1. e4 e5 2. Nf3 Nc6 3. Bb5 Nf6 4. Qe2 Bc5 5. c3 O-O 6. O-O d6 7. d3 h6 8. h3
Ne7 9. d4 exd4 10. cxd4 Bb6 11. Nc3 c6 12. Bd3 Re8 13. Qc2 Ng6 14. Rd1 d5 15.
e5 Nh7 16. Bxg6 fxg6 17. Qxg6 Re6 18. Qg3 Qe8 19. Nh4 Bd8 20. Rd3 Qh5 21. Nf3
Rg6 22. Qh2 Qxh3 23. Qxh3 Bxh3 24. Nh4 Bxh4 25. Rxh3 Be7 26. Be3 Nf8 27. f4 Rg4
28. Rf1 Ne6 29. f5 Nxd4 30. f6 Bc5 31. f7+ Kf8 32. Kh1 Ne6 33. Bxc5+ Nxc5 34.
Rhf3 Ne6 35. Kg1 Rd8 36. Nd1 Rd7 37. Ne3 Rg5 38. Nf5 Rxf7 39. Nxg7 Rxf3 40.
Rxf3+ Kxg7 41. Ra3 Rxe5 42. Rxa7 Nd8 43. Ra8 Re8 44. Rc8 Kf7 45. Rc7+ Re7 46.
Rc8 Rd7 47. Kf2 Ke6 48. Ke3 Ke5 49. g3 h5 50. Ra8 c5 51. a4 Nc6 52. Rh8 Re7 53.
Rxh5+ Kd6+ 54. Kd2 Rg7 55. Rh6+ Kc7 56. Rh5 Nb4 57. Rh3 Kb6 58. b3 Ka5 59. Kc3
b5 60. axb5 Kxb5 61. Kd2 Nc6 62. Kc2 Nd4+ 63. Kb2 Kb4 64. Rh5 Rxg3 65. Rxd5
Rg2+ 66. Kb1 Nxb3 67. Rh5 c4 68. Rh8 Kc3 69. Rh3+ Kb4 70. Rh8 Rd2 71. Rh4 Kc5
72. Rxc4+ 1/2-1/2

[Event "I Torneo Sociale"]
[Site "Fossano ITA"]
[Date "2015.09.28"]
[Round "4"]
[White "Ciancia, Giampiero"]
[Black "Sotgia, Cosimo"]
[WhiteElo "1680"]
[BlackElo "1863"]
[Result "0-1"]
[PlyCount "176"]
[EventDate "2015.09.07"]

1. e4 d5 2. exd5 Qxd5 3. Nc3 Qd6 4. d4 Nf6 5. Nf3 c6 6. Be2 Bf5 7. O-O e6 8.
Ne5 Be7 9. Nc4 Qd8 10. Ne3 Bg6 11. Nc4 Nbd7 12. b3 O-O 13. Bb2 Nb6 14. Ne5 Qc7
15. a4 a5 16. Nxg6 hxg6 17. Bf3 Rfd8 18. Ne2 Nfd5 19. c4 Nb4 20. c5 N6d5 21.
Bxd5 Nxd5 22. Rc1 Bf6 23. Ng3 Rd7 24. Ne4 Be7 25. Qf3 Rad8 26. Rcd1 Qf4 27. Rd3
Qxf3 28. Rxf3 Nf6 29. Ng3 Nd5 30. Ne2 Bf6 31. g4 Nb4 32. Rc1 Bg5 33. Rc4 Bd2
34. h4 g5 35. hxg5 Rd5 36. Ng3 Rxg5 37. d5 Rgxd5 38. Ne4 Na6 39. Nxd2 Rxd2 40.
Bc3 R2d3 41. Bxa5 Rxf3 42. Bxd8 Rxb3 43. a5 Rb4 44. Rxb4 Nxb4 45. Kg2 Kf8 46.
Kf3 Ke8 47. Bb6 Kd7 48. Ke4 f6 49. f4 Kc8 50. g5 Kd7 51. Ba7 Nd5 52. gxf6 gxf6
53. f5 e5 54. Bb8 Nc7 55. Ba7 Kc8 56. Bb6 Nb5 57. Ke3 Kd7 58. Ke4 Nd4 59. Ba7
Kc8 60. Bb6 Ne2 61. Kf3 Nf4 62. Ke3 Nd5+ 63. Kf3 Kd7 64. Ba7 Ke7 65. Ke4 Nc3+
66. Kd3 Nb5 67. Bb8 Kd7 68. Ke4 Nd4 69. Bd6 Nb3 70. Bf8 Nxa5 71. Bg7 Ke7 72.
Bh6 Nc4 73. Kd3 Na3 74. Kc3 Nb5+ 75. Kd3 Nc7 76. Kc4 Kd7 77. Bg7 Nd5 78. Kd3
Ke7 79. Ke4 b5 80. cxb6 Nxb6 81. Bh6 Nc4 82. Bc1 Nd6+ 83. Kd3 Nxf5 84. Bd2 Nd6
85. Be3 Ke6 86. Bc5 f5 87. Ke3 Kd5 88. Ba7 c5 0-1

[Event "I Torneo Sociale"]
[Site "Fossano ITA"]
[Date "2015.09.28"]
[Round "4"]
[White "Garelli, Gianluca"]
[Black "Panero, Simone"]
[WhiteElo "1599"]
[BlackElo "1758"]
[Result "0-1"]
[PlyCount "60"]
[EventDate "2015.09.07"]

1. d4 Nf6 2. Nf3 g6 3. e3 Bg7 4. Bd3 d6 5. b3 c5 6. Bb2 O-O 7. Nc3 cxd4 8. Nxd4
a6 9. Qe2 d5 10. Nf3 Nc6 11. O-O-O e5 12. e4 d4 13. Bc4 Qa5 14. Nd5 Nxd5 15.
Bxd5 Bh6+ 16. Kb1 Nb4 17. a3 Nxd5 18. exd5 f6 19. Qc4 Re8 20. Rhe1 Bf5 21. Re2
Rac8 22. Qb4 Qxd5 23. Ne1 a5 24. Qb6 Re6 25. Qa7 Ra6 26. Qxa6 bxa6 27. h3 Qxb3
28. g4 Rb8 29. Nd3 Bxd3 30. cxd3 Qxd1+ 0-1

[Event "I Torneo Sociale"]
[Site "Fossano ITA"]
[Date "2015.09.28"]
[Round "4"]
[White "Medaglia, Enzo"]
[Black "Babilonia, Mauricio Rafael"]
[WhiteElo "1702"]
[BlackElo "2025"]
[Result "0-1"]
[PlyCount "52"]
[EventDate "2015.09.07"]

1. e4 d5 2. exd5 Qxd5 3. Nc3 Qd6 4. d4 c6 5. Nge2 Nf6 6. Ng3 e6 7. Nce4 Qd8 8.
Nxf6+ Qxf6 9. Ne4 Qd8 10. c3 Be7 11. Bd3 Nd7 12. O-O Nf6 13. Qc2 b6 14. Nxf6+
Bxf6 15. f4 h6 16. Bd2 O-O 17. Rae1 Re8 18. Rf3 Bb7 19. Be4 Bh4 20. g3 f5 21.
Bxf5 exf5 22. Rxe8+ Qxe8 23. gxh4 c5 24. Re3 Qc6 25. Re2 Qh1+ 26. Kf2 Qg2+ 0-1

[Event "I Torneo Sociale"]
[Site "Fossano ITA"]
[Date "2015.09.28"]
[Round "4"]
[White "Mondino, Ivano"]
[Black "Ravera, Eros"]
[WhiteElo "1860"]
[BlackElo "1710"]
[Result "1-0"]
[PlyCount "25"]
[EventDate "2015.09.07"]

1. e4 d5 2. exd5 Qxd5 3. Nc3 Qa5 4. d4 Nf6 5. Nf3 c6 6. Bc4 Bf5 7. Bd2 e6 8.
Qe2 Nbd7 9. h3 h6 10. Bd3 Bxd3 11. Qxd3 O-O-O 12. a3 Ne5 13. Nxe5 1-0

[Event "I Torneo Sociale"]
[Site "Fossano ITA"]
[Date "2015.09.28"]
[Round "4"]
[White "Pantano, Andrea"]
[Black "Gastaldi, Franco"]
[WhiteElo "1431"]
[BlackElo "1735"]
[Result "1/2-1/2"]
[PlyCount "55"]
[EventDate "2015.09.07"]

1. b3 Nf6 2. Bb2 d5 3. Nf3 c5 4. e3 Bg4 5. Be2 e6 6. d4 Nc6 7. Nbd2 Be7 8. O-O
O-O 9. c4 cxd4 10. Nxd4 Bxe2 11. Qxe2 Rc8 12. Rfc1 Qb6 13. cxd5 Nxd5 14. Nxc6
Rxc6 15. Nc4 Qa6 16. Bd4 Rfc8 17. Qb2 Bf6 18. Bxf6 Nxf6 19. a3 b5 20. Nd2 R8c7
21. Nf3 Qc8 22. Rxc6 Rxc6 23. Nd4 Rc5 24. b4 Rc4 25. Nxb5 Rc2 26. Qb1 Qc4 27.
Nd4 Rc3 28. Qf1 1/2-1/2

[Event "I Torneo Sociale"]
[Site "Fossano ITA"]
[Date "2015.10.05"]
[Round "5"]
[White "Panero, Simone"]
[Black "Harbuz, Daniela"]
[WhiteElo "1758"]
[BlackElo "2084"]
[Result "0-1"]
[PlyCount "120"]
[EventDate "2015.09.07"]

1. c4 g6 2. Nc3 Bg7 3. g3 e5 4. Bg2 Ne7 5. d3 d6 6. Nf3 Nd7 7. O-O O-O 8. Rb1
h6 9. b4 f5 10. Qb3 Kh7 11. Nd2 Nf6 12. a4 c6 13. Ba3 a5 14. bxa5 Rxa5 15. Qb4
Ne8 16. Rfc1 Ra6 17. Qb3 Nc7 18. e3 Ne6 19. Qc2 Rf7 20. Nb3 Ng8 21. a5 h5 22.
Na4 f4 23. Be4 Ng5 24. Bg2 f3 25. Bf1 Bh3 26. Qd1 Nh6 27. Rc2 Bg4 28. Nc3 Nf5
29. Ne4 Nxe3 30. Nxg5+ Qxg5 31. Qd2 Bh6 32. Qxe3 Qxe3 33. fxe3 Bxe3+ 34. Rf2 c5
35. Re1 Bxf2+ 36. Kxf2 Bd7 37. Nd2 Rxa5 38. Bc1 Ra2 39. Ke3 Bc6 40. Ne4 Bxe4
41. dxe4 Rxh2 42. Rd1 Rf6 43. Bd2 g5 44. Be1 Rb2 45. Bf2 g4 46. Bd3 Rf8 47. Ra1
Kg6 48. Ra3 Rc8 49. Ra1 Rc6 50. Ra5 Rcb6 51. Rb5 R6xb5 52. cxb5 b6 53. Bc4 Rc2
54. Bd3 Ra2 55. Bc4 Ra3+ 56. Kd2 Ra4 57. Kd3 Rb4 58. Kc3 Kf6 59. Be1 Rb1 60.
Bf2 Rc1+ 0-1

[Event "I Torneo Sociale"]
[Site "Fossano ITA"]
[Date "2015.10.12"]
[Round "6"]
[White "Araniti, Michelangelo"]
[Black "Ravera, Eros"]
[WhiteElo "1771"]
[BlackElo "1710"]
[Result "1-0"]
[PlyCount "97"]
[EventDate "2015.09.07"]

1. b3 b6 2. Bb2 Bb7 3. Nf3 Nf6 4. g3 g6 5. Bg2 Bg7 6. d3 d6 7. Nbd2 e5 8. e4
O-O 9. c4 c5 10. Nf1 Nc6 11. Ne3 Nd4 12. O-O Qd7 13. Bc1 Ng4 14. Nxg4 Qxg4 15.
Nxd4 Qxd1 16. Rxd1 cxd4 17. Bd2 a5 18. a3 Rfc8 19. Bh3 Rc7 20. f3 Bc6 21. Kf1
Rb8 22. Rab1 b5 23. Bxa5 Rcb7 24. Bb4 Bf8 25. Ke2 bxc4 26. dxc4 Be7 27. Rd3 Kf8
28. Bg2 Ke8 29. Kd1 Kd7 30. Kc2 Bg5 31. Rf1 Bh6 32. f4 f5 33. Re1 Ke6 34. Re2
Bg7 35. exf5+ Kd7 36. fxg6 Bxg2 37. Rxg2 e4 38. Rd1 hxg6 39. Re1 Re8 40. h4 Re6
41. g4 Rb8 42. f5 gxf5 43. gxf5 d3+ 44. Kd1 Re7 45. Rg6 Rxb4 46. axb4 Bc3 47.
Re6 Bxe1 48. Rxe7+ Kxe7 49. Kxe1 1-0

[Event "I Torneo Sociale"]
[Site "Fossano ITA"]
[Date "2015.10.12"]
[Round "6"]
[White "De Vecchis, Luigi"]
[Black "Flego, Dario"]
[WhiteElo "1618"]
[BlackElo "1710"]
[Result "0-1"]
[PlyCount "28"]
[EventDate "2015.09.07"]

1. e4 d6 2. g3 Nf6 3. d3 g6 4. Bg2 Bg7 5. Ne2 c5 6. O-O O-O 7. f4 Nc6 8. Nbc3
Bd7 9. Rb1 Rb8 10. a3 b5 11. b4 cxb4 12. axb4 Qb6+ 13. Kh1 Ng4 14. Nd5 Nf2+ 0-1

[Event "I Torneo Sociale"]
[Site "Fossano ITA"]
[Date "2015.10.12"]
[Round "6"]
[White "Harbuz, Daniela"]
[Black "Babilonia, Mauricio Rafael"]
[WhiteElo "2084"]
[BlackElo "2025"]
[Result "1-0"]
[PlyCount "103"]
[EventDate "2015.09.07"]

1. Nf3 d5 2. d3 Nf6 3. Nbd2 Nc6 4. c3 e5 5. e4 dxe4 6. dxe4 a6 7. Qc2 Bd6 8. h3
O-O 9. Be2 b5 10. O-O Bb7 11. Re1 Qe7 12. Nh2 Nd8 13. Bf3 Ne6 14. Ndf1 Bc5 15.
Ng3 Rfd8 16. Nf5 Qf8 17. h4 Rd7 18. g3 Rad8 19. Ne3 Bb6 20. Nhg4 Nc5 21. Nxf6+
gxf6 22. Ng4 Qe7 23. Nh6+ Kh8 24. Nf5 Qe6 25. Be3 Nd3 26. Red1 Bxe3 27. Nxe3
Nc5 28. Rxd7 Qxd7 29. Rd1 Qe8 30. b4 Rxd1+ 31. Nxd1 Na4 32. c4 Qc6 33. c5 f5
34. Qb3 Qe6 35. Qd3 fxe4 36. Bxe4 Bxe4 37. Qxe4 f5 38. Qa8+ Kg7 39. Qd8 Qf7 40.
a3 f4 41. Qg5+ Kf8 42. Qxe5 f3 43. Qe3 Kg8 44. Qg5+ Kf8 45. Qf4 h5 46. Kh2 Qxf4
47. gxf4 Kf7 48. Kg3 Kf6 49. Kxf3 c6 50. Ke4 a5 51. f3 axb4 52. axb4 1-0